| 000 | 00585cam a2200169 i 4500 | ||
|---|---|---|---|
| 005 | 20251210093548.0 | ||
| 008 | 250721r2006 jo gr 000 0 ara d | ||
| 082 | 1 | 4 |
_a016.051 _bق و ا |
| 100 | 1 |
_aالقواسمة، محمد عبد الله _eمعد. |
|
| 245 | 1 | 2 |
_aالكشاف التراكمي / _cاعداد محمد عبدالله القواسمة. |
| 264 | 3 | 1 |
_aعمان : _bامانة عمان، _c2006. |
| 300 | _a217 صفحة. | ||
| 650 | 1 | 7 | _aالببليوغرافيا. |
| 650 | 1 | 7 | _aالدوريات العربية. |
| 942 |
_2ddc _cBK |
||
| 999 |
_c139745 _d139745 |
||